Concise Handbook of Civil Engineering / (Record no. 522788)

000 -LEADER
fixed length control field 00292nam a22001217a 4500
003 - CONTROL NUMBER IDENTIFIER
control field NUST
038 ## - RECORD CONTENT LICENSOR
Staff Name Tanveer
082 ## - DEWEY DECIMAL CLASSIFICATION NUMBER
Classification number 624
Author Mark VAZ
245 ## - TITLE STATEMENT
Title Concise Handbook of Civil Engineering /
Statement of responsibility, etc. V.N. Vazirani
260 ## - PUBLICATION, DISTRIBUTION, ETC.
Place of publication, distribution, etc. New Delhi :
Name of publisher, distributor, etc. ?
Date of publication, distribution, etc. 1993
300 ## - PHYSICAL DESCRIPTION
Extent viii, 127p. :
Dimensions 25cm.
942 ## - ADDED ENTRY ELEMENTS (KOHA)
Source of classification or shelving scheme
Koha item type Book
Holdings
Withdrawn status Lost status Source of classification or shelving scheme Damaged status Not for loan Permanent Location Current Location Date acquired Total Checkouts Total Renewals Full call number Barcode Date last seen Date last checked out Price effective from Koha item type
          Central Library (CL) Central Library (CL) 01/21/2019 1 2 624 VAZ NIT-6496 01/09/2020 10/22/2019 01/21/2019 Book
© 2023 Central Library, National University of Sciences and Technology. All Rights Reserved.